Mestiksen seurat - Statistics

Yleistilastot
  • Tätä visaa on pelattu 19 kertaa
    4 viimeisimmän päivityksen jälkeen
  • Keskiarvotulos 7 / 10
Vastaustilastot
Sijainti Joukkue % Oikein
Kokkola Hermes
100%
IIsalmi IPK
100%
Helsinki Jokerit
100%
Rovaniemi RoKi
100%
Joensuu JoKP
67%
Imatra Ketterä
67%
Vantaa Kiekko Vantaa
67%
Turku TUTO
67%
Keuruu KeuPa HT
33%
Nokia Nokian Pyry
33%
Ehtoja vastaavia visoja ei löytynyt
Tulosjakauma
Jokaisen tuloksen saaneiden osuus
Persentiili vastausten määrän mukaan
Tuloshistoriasi
Et ole pelannut tätä visaa sen viimeisimmän päivityksen jälkeen